<?xml version="1.0" encoding="UTF-8"?>
<record
    xmlns:xsi="http://www.w3.org/2001/XMLSchema-instance"
    xsi:schemaLocation="http://www.loc.gov/MARC21/slim http://www.loc.gov/standards/marcxml/schema/MARC21slim.xsd"
    xmlns="http://www.loc.gov/MARC21/slim">

  <leader>01246    a2200157   4500</leader>
  <controlfield tag="003">OSt</controlfield>
  <controlfield tag="005">20251211152841.0</controlfield>
  <controlfield tag="008">251211b        |||||||| |||| 00| 0 eng d</controlfield>
  <datafield tag="020" ind1=" " ind2=" ">
    <subfield code="a">9789351654551</subfield>
  </datafield>
  <datafield tag="100" ind1=" " ind2=" ">
    <subfield code="a">Premchand M.</subfield>
    <subfield code="9">215554</subfield>
  </datafield>
  <datafield tag="245" ind1=" " ind2=" ">
    <subfield code="a">Godan</subfield>
  </datafield>
  <datafield tag="260" ind1=" " ind2=" ">
    <subfield code="b"> Diamond Books</subfield>
    <subfield code="c">2014</subfield>
    <subfield code="a">New Delhi</subfield>
  </datafield>
  <datafield tag="300" ind1=" " ind2=" ">
    <subfield code="a">328pp</subfield>
  </datafield>
  <datafield tag="520" ind1=" " ind2=" ">
    <subfield code="a">Premchand is one of the most highly respected figures in Hindustani literature. Prema, Seva Sadan, Rangbhoomi, Premashram, Pratigya, Bade Bhai Sahab, Panch Parameshvar, and Durga ka Mandir are a few of his other works.Premchand is the pen name of Dhanpat Rai Srivastav, born in 1880. He studied at a madrasa, and learnt Urdu and Persian. After the death of his mother and his father&#x2019;s remarriage, he felt isolated from his family and he sought refuge in books. He read Persian literature, and after learning English at a missionary school, he was exposed to world literature and the works of great writers like Tolstoy and Dickens. He even translated some of their works into Hindi. He first wrote under the pseudonym of Nawab Rai and later, he switched his pen name to Premchand. He was referred to as Munshi Premchand by his peers and fans, Munshi being a respectful and honorary title."</subfield>
  </datafield>
  <datafield tag="942" ind1=" " ind2=" ">
    <subfield code="c">BK</subfield>
    <subfield code="2">ddc</subfield>
  </datafield>
  <datafield tag="999" ind1=" " ind2=" ">
    <subfield code="c">369184</subfield>
    <subfield code="d">369184</subfield>
  </datafield>
  <datafield tag="952" ind1=" " ind2=" ">
    <subfield code="0">0</subfield>
    <subfield code="1">0</subfield>
    <subfield code="2">ddc</subfield>
    <subfield code="4">0</subfield>
    <subfield code="7">0</subfield>
    <subfield code="8">BCA Pune</subfield>
    <subfield code="a">001</subfield>
    <subfield code="b">001</subfield>
    <subfield code="d">2025-11-27</subfield>
    <subfield code="e">8</subfield>
    <subfield code="g">131.25</subfield>
    <subfield code="l">1</subfield>
    <subfield code="p">KBJP-BK-2855</subfield>
    <subfield code="r">2026-02-24 14:33:16</subfield>
    <subfield code="s">2026-02-24</subfield>
    <subfield code="v">175.00</subfield>
    <subfield code="w">2025-11-27</subfield>
    <subfield code="y">BK</subfield>
    <subfield code="z">2855</subfield>
  </datafield>
</record>
